Alle Länder Asiens - Statistiken

Allgemein
  • Dieses Quiz wurde 158 mal gespielt
  • Das Durchschnittsergebnis liegt bei 41 aus 49
Antwortstatistiken
Antwort % Korrekt
China
95%
Afghanistan
93%
Israel
93%
Iran
92%
Japan
92%
Irak
91%
Mongolei
91%
Nordkorea
91%
Südkorea
91%
Aserbaidschan
90%
Armenien
89%
Indien
89%
Kasachstan
89%
Türkei
89%
Vietnam
89%
Indonesien
88%
Jordanien
88%
Usbekistan
88%
Vereinigte Arabische Emirate
88%
Oman
87%
Saudi-Arabien
87%
Pakistan
86%
Jemen
85%
Katar
85%
Bangladesch
84%
Kirgistan
84%
Thailand
84%
Turkmenistan
83%
Singapur
82%
Syrien
82%
Bhutan
81%
Malaysia
81%
Sri Lanka
81%
Georgien
80%
Libanon
80%
Nepal
80%
Philippinen
80%
Laos
78%
Tadschikistan
78%
Bahrain
77%
Brunei
77%
Kuwait
77%
Myanmar
77%
Russland
75%
Osttimor
74%
Zypern
74%
Malediven
70%
Kambodscha
68%
Ägypten
21%
Keine übereinstimmenden Quizze gefunden
Verteilung der Resultate
Anzahl Personen mit jedem Resultat
Perzentil nach korrekt beantworteten Fragen
Ihre Resultats-Entwicklung
Sie haben dieses Quiz noch nicht gespielt